Guess the Fusion Rock Song Lyrics #8 - Statistics

General Stats
  • This quiz has been taken 14 times
  • The average score is 110 of 181
Answer Stats
Answer % Correct
a
100%
And
92%
be
92%
in
92%
love
92%
to
92%
When
92%
when
92%
who
92%
you
92%
can
83%
from
83%
it
83%
Let
83%
me
83%
so
83%
that
83%
the
83%
your
83%
are
75%
like
75%
what
75%
can't
67%
You're
67%
got
58%
has
58%
how
58%
than
58%
They
58%
You've
58%
comes
50%
everything
50%
life
50%
loves
50%
make
50%
out
50%
that's
50%
good
42%
heart
42%
Pure Prairie League
42%
right
42%
say
42%
their
42%
tonight
42%
again
33%
alright
33%
broken
33%
feelin
33%
find
33%
I'll
33%
It'll
33%
someone
33%
Someone
33%
There's
33%
about
25%
Dark
25%
He's
25%
Hold
25%
million
25%
mind
25%
moon
25%
night's
25%
sad
25%
sky
25%
stars
25%
tight
25%
blowin
17%
close
17%
clouds
17%
crossin
17%
end
17%
free
17%
lost
17%
once
17%
places
17%
sets
17%
tighter
17%
wind
17%
daylight
8%
forgotten
8%
work
8%
No matching quizzes found
Score Distribution
Percent of People with Each Score
Percentile by Number Answered
Your Score History
You have not taken this quiz